000 00367nam a2200133Ia 4500
008 230801s9999||||xx |||||||||||||| ||und||
020 _a9780735204324
082 _a658.872
_bC618
100 _aClaxton, Lena & Woo, Alison
245 0 _aHow to say it: marketing with new media
260 _aNew York
_bPrentice Hall Press
_c2008
300 _axvi, 224 p.
942 _cBK
999 _c26936
_d26936